Fictional Prisons Quiz Stats

 Plays Quiz Updated Aug 10, 2016

Also try: College or Prison?
Challenge
Share
Tweet
Embed
Score 0/16 Timer 04:00
2 Plays Today
Prison Title of Source % Correct
Azkaban PrisonHarry Potter
91.6%
Shawshank PrisonThe Shawshank Redemption
87.8%
Arkham AsylumBatman
81.1%
The Charles Montgomery Burns State PenitentiaryThe Simpsons
65.7%
Fox River State PenitentiaryPrison Break
37.5%
Dol GuldurLord of the Rings
23.3%
Ashecliffe Hospital for the Criminally InsaneShutter Island
20.3%
Oswald State Correctional FacilityOz
13.6%
Prison Title of Source % Correct
Cold Mountain PenitentiaryGreen Mile
13.2%
Butcher BayThe Chronicles of Riddick
7.6%
Belle ReveSuicide Squad
5.3%
Iron HeightsFlash
4.7%
The ZigguratCity of Heroes
1.3%
Hang-em-all PrisonThe Three Stooges
1.1%
H. M. Prison, Crown HillMidsomer Murders
0.8%
Citadel PrisonCatalyst: Agents of Change
0.8%

You're not logged in!

Compare scores with friends on all Sporcle quizzes.
OR
Log In

You Might Also Like...

Show Comments

Extras

Top Quizzes Today


Score Distribution

Your Account Isn't Verified!

In order to create a playlist on Sporcle, you need to verify the email address you used during registration. Go to your Sporcle Settings to finish the process.

Report this User

Report this user for behavior that violates our Community Guidelines.

Details: